International economics. (Record no. 16713)
[ view plain ]
| 000 -LEADER | |
|---|---|
| fixed length control field | 00379cam a22001451 4500 |
| 040 ## - CATALOGING SOURCE | |
| Transcribing agency | FO |
| 082 ## - DEWEY DECIMAL CLASSIFICATION NUMBER | |
| Classification number | 338 IRW 1963 A108 Or. |
| 100 1# - MAIN ENTRY--AUTHOR NAME | |
| Personal name | Kindleberger, Charles P., |
| 245 10 - TITLE STATEMENT | |
| Title | International economics. |
| 250 ## - EDITION STATEMENT | |
| Edition statement | 3d ed. |
| 260 ## - PUBLICATION, DISTRIBUTION, ETC. (IMPRINT) | |
| Place of publication | Homewood, Ill., |
| Name of publisher | R. D. Irwin, |
| Year of publication | 1963. |
| 300 ## - PHYSICAL DESCRIPTION | |
| Number of Pages | 686 p. |
| Other physical details | illus. |
| Dimensions | 24 cm. |
| 650 #0 - SUBJECT ADDED ENTRY--TOPICAL TERM | |
| Topical Term | International economic relations. |
| 942 ## - ADDED ENTRY ELEMENTS (KOHA) | |
| Koha item type | សៀវភៅភាសាអង់គ្លេស |
| 952 ## - LOCATION AND ITEM INFORMATION (KOHA) | |
| Withdrawn status [LOCAL, KOHA] | 0 |
| Permanent Location | Date acquired | Koha item type | Lost status | Shelving location | Barcode | Current Location | Full call number |
|---|---|---|---|---|---|---|---|
| Library Block A | 2018-03-28 | សៀវភៅភាសាអង់គ្លេស | A108 | A06691 | Library Block A | 338 IRW 1963 A108 Or. |